Boletín estadístico

Gorde:
Xehetasun bibliografikoak
Erakunde egilea: Consejo Nacional de Producción. Departamento de Planificación
Formatua: Texto
Argitaratua: San José: CNP
Etiketak: Etiketa erantsi
Etiketarik gabe, Izan zaitez lehena erregistro honi etiketa jartzen!

MARC

LEADER 00000 a a2200000 04500
001 15916
003
040
090 |a 016200  
110 |a Consejo Nacional de Producción. Departamento de Planificación  
245 |a Boletín estadístico  
260 |a San José:   |b CNP  
300 |a p. varia  
999 |c 10559  |d 10559